1322 1820 1723 1434 1141 1176 1363 1228 1839 1927 1650 1195 1248 1492 1496 1482 1188 1621 1221 1997 1874 1519 1253 1564 1285 1643 1431 1282 1087 1506 1736 1402 1289 1835 1076 1875 1004 1188 1140 1350 1243 1361 1830 1354 1419 1500 1848 1077 1924 1648 1744 1951 1917 1006 1891 1483 1348 1809 1488 1095 1022 1061 1497 1006 1050 1421 1177 1542 1511 1150 1904 1535 1478 1430 1506 1874 1120 1398 1072 1038 1059 1918 1832 1330 1007 1744 1114 1162 1622 1558 1117 1656 1365 1856 1459 1562 1353 1755 1938 BCNSPRNW ULIB Ver.6.0+V

เปลี่ยนเป็นภาษาไทย

Change to English
 แสดงรายละเอียดบรรณานุกรม
  กลับหน้าหลัก

Brief Record : Get Marc (ISO 2709) : E-mail record : QR code < ปิดหน้าต่าง
LEADER : 00000nam 2200000uu 4500
001    13399109311
003     ULIB
008    110329s2551||||th 000 0 tha d
020    9789744140555
050  4 JK421^bด896ว 2551
100 1  เดลี, ปีเตอร์ เอช.,^dค.ศ.1941-
245 10 90 วันอันตรายสำหรับผู้บริหารและผู้นำองค์กรภาครัฐ =^bThefirst 90 days in government /^cผู้เขียน, Peter H. Daly, Michael Wathins และ Cate Reavis ; แปลและเรียบเรียงโดย ณัฐยา สินตระการผล
246 30 The first 90 days in government
250    พิมพ์ครั้งที่ 1
260    กรุงเทพฯ :^bเอ็กซเปอร์เน็ท,^c2551
300    371 หน้า :^bภาพประกอบ ;^c24 ซม.
500    แปลจาก The first 90 days in government : critical successstrategies for new public managers at all levels / Peter H. Daly and Michael Watkins with Cate Reavis., c2006
650  7 การบริหารรัฐกิจ^zสหรัฐอเมริกา
650  7 ราชการพลเรือน^zสหรัฐอเมริกา
700 1  วัตกินส์, ไมเคิล,^dค.ศ.1956-
700 1  รี่วิส, เคท
700 0  ณัฐยา สินตระการผล,^eผู้แปล
700 12 Daly, Peter H..^tThe first 90 days in government
700 12 Wathins, Michael.^tThe first 90 days in government
700 12 Reavis, Cate.^tThe first 90 days in government
945    ^p340^l0^i029962
945    ^p340^l0^i029963
995    เกษร
999 ^a ใช้งานได้ทุกระบบ
รายการนี้ยังไม่มีแท็ก
คุณยังไม่ได้ล็อกอิน คุณสามารถมีกิจกรรมร่วมกับเว็บไซต์ได้ แต่ต้องล็อกอินก่อน ::
  ล็อกอิน

รายการสื่อสารสนเทศ

ลำดับที่ ประเภท เลขเรียก/บาร์โค้ด สถานที่ สถานะ
- ไม่พบข้อมูล -

BibComment


ยังไม่เคยถูกคอมเมนท์

คอมเมนท์ทรัพยากรรายการนี้
  คอมเมนท์: 90 วันอันตรายสำหร..


 Copyright 2026. Bcnsprnw @Library